000 01261nam2a22002651 4500
001 rc\8955
005 20250620112943.0
010 _a5-88358-054-8
_bАмбер
_920000
035 _a(NLR Aleph) 005298294
090 _a6262391
_c6262391
100 _a20021204d1995 |||y0rusy50 ca
101 0 _arus
102 _aRU
105 _aa |||||||||
200 1 _aЗвездный лис
_aПланета, с которой не возвращаются
_f[Пер. А. Бурцева]
210 _aМ.
_cСигма-пресс
_d1995
215 _a412, [3] c.
_cил.
_d21
300 _aЗагл. пер. и корешка: Звездный лис
461 0 _1001rc\8952
_12001#$aСобрание сочинений$e[Пер. с англ.]$fПол Андерсон$g[Под общ. ред. Вл. Гакова]$v[Вып. 13]
_1700#1$aАндерсон$bП.$gПол$f1926-
_96262364
_aАндерсон, П. (1926-)
_fПол Андерсон
_o[Пер. с англ.]
_tСобрание сочинений
_v[Вып. 13]
604 _1700#1$aАндерсон$bП.$gПол
_150010$aЗвездный лис$2psbo
_aАндерсон, Пол
_tЗвездный лис
801 0 _aRU
_bNLR
_gpsbo
801 1 _aRU
_bELAR
_2rusmarc
852 _aNLR
_j93-3/6523
942 _cBOOK
980 _aNB